Sports Quiz

Random Sports or Basketball Quiz
Score 0/81 Timer 04:00
2 Plays Today
Year Teams % Correct
1964Duke, Kansas State, Michigan, UCLA*
99.4%
1991Duke*, Kansas, North Carolina, UNLV
99.4%
2015Duke*, Kentucky, Michigan State, Wisconsin
99.3%
1988Arizona, Duke, Kansas*, Oklahoma
99.3%
1992Cincinnati, Duke*, Indiana, Michigan
99.3%
1993Kansas, Kentucky, Michigan, North Carolina*
99.3%
1978Arkansas, Duke, Kentucky*, Notre Dame
99.2%
2008Kansas*, Memphis, North Carolina, UCLA
99.2%
1986Duke, Kansas, Louisiana State, Louisville*
99.2%
1966Duke, Kentucky, Texas Western*, Utah
99.2%
1989Duke, Illinois, Michigan*, Seton Hall
99.2%
1999Connecticut*, Duke, Michigan State, Ohio State
99.2%
1968Houston, North Carolina, Ohio State, UCLA*
99.1%
1994Arizona, Arkansas*, Duke, Florida
99%
1972Florida State, Louisville, North Carolina, UCLA*
99%
2001Arizona, Duke*, Maryland, Michigan State
99%
2010Butler, Duke*, Michigan State, West Virginia
98.9%
1957Kansas, Michigan State, North Carolina*, San Francisco
98.9%
1995Arkansas, North Carolina, Oklahoma State, UCLA*
98.9%
1997Arizona*, Kentucky, Minnesota, North Carolina
98.9%
2009Connecticut, Michigan State, North Carolina*, Villanova
98.9%
1969Drake, North Carolina, Purdue, UCLA*
98.9%
1967Dayton, Houston, North Carolina, UCLA*
98.9%
1971Kansas, UCLA*, Villanova, Western Kentucky
98.9%
2016North Carolina, Oklahoma, Syracuse, Villanova*
98.9%
1998Kentucky*, North Carolina, Stanford, Utah
98.8%
1975Kentucky, Louisville, Syracuse, UCLA*
98.8%
Year Teams % Correct
2000Florida, Michigan State*, North Carolina, Wisconsin
98.7%
1990Arkansas, Duke, Georgia Tech, UNLV*
98.7%
2004Connecticut*, Duke, Georgia Tech, Oklahoma State
98.7%
2012Kansas, Kentucky*, Louisville, Ohio State
98.6%
2018Loyola-Chicago, Kansas, Michigan, Villanova*
98.6%
1976Indiana*, Michigan, Rutgers, UCLA
98.6%
2005Illinois, Louisville, Michigan State, North Carolina*
98.5%
1963Cincinnati, Duke, Loyola-Chicago*, Oregon State
98.5%
1974Kansas, Marquette, North Carolina State*, UCLA
98.5%
1981Indiana*, Louisiana State, North Carolina, Virginia
98.5%
2007Florida*, Georgetown, Ohio State, UCLA
98.3%
2017Gonzaga, North Carolina*, Oregon, South Carolina
98.3%
1982Georgetown, Houston, Louisville, North Carolina*
98.2%
1946California, North Carolina, Ohio State, Oklahoma A&M*
98.2%
1965Michigan, Princeton, UCLA*, Wichita State
98.1%
2014Connecticut*, Florida, Kentucky, Wisconsin
98.1%
2002Indiana, Kansas, Maryland*, Oklahoma
97.6%
2003Kansas, Marquette, Syracuse*, Texas
97.6%
2006Florida*, George Mason, Louisiana State, UCLA
97.6%
1984Georgetown*, Houston, Kentucky, Virginia
97.5%
2011Butler, Connecticut*, Kentucky, Virginia Commonwealth
97.4%
1973Indiana, Memphis State, Providence, UCLA*
97.4%
1980Iowa, Louisville*, Purdue, UCLA
97.2%
1962Cincinnati*, Ohio State, UCLA, Wake Forest
97.1%
1977Marquette*, North Carolina, North Carolina-Charlotte, UNLV
97.1%
1953Indiana*, Kansas, Louisiana State, Washington
97%
2013Louisville*, Michigan, Syracuse, Wichita State
96.9%
Year Teams % Correct
1940Duquesne, Indiana*, Kansas, Southern California
96.9%
1996Kentucky*, Massachusetts, Mississippi State, Syracuse
96.3%
1951Illinois, Kansas State, Kentucky*, Oklahoma A&M
96%
2019Auburn, Michigan State, Texas Tech, Virginia*
95.9%
1939Ohio State, Oklahoma, Oregon*, Villanova
95.9%
1949Illinois, Kentucky*, Oklahoma A&M, Oregon State
95.8%
1948Baylor, Holy Cross, Kansas State, Kentucky*
95.4%
1958Kansas State, Kentucky*, Seattle, Temple
94.7%
1952Illinois, Kansas*, Santa Clara, St. John's
94.6%
1942Colorado, Dartmouth, Kentucky, Stanford*
94.6%
1970Jacksonville, New Mexico State, St. Bonaventure, UCLA*
94.1%
1987Indiana*, Providence, Syracuse, UNLV
93.2%
1985Georgetown, Memphis State, St. John's, Villanova*
93.1%
1983Georgia, Houston, Louisville, North Carolina State*
91.9%
1947CCNY, Holy Cross*, Oklahoma, Texas
89.7%
1960California, Cincinnati, NYU, Ohio State*
89.5%
1979DePaul, Indiana State, Michigan State*, Pennsylvania
88.8%
1961Cincinnati*, Ohio State, St. Joseph's, Utah
88.6%
1945Arkansas, NYU, Ohio State, Oklahoma A&M*
88%
1959California*, Cincinnati, Louisville, West Virginia
87.6%
1943DePaul, Georgetown, Texas, Wyoming*
87.1%
1944Dartmouth, Iowa State, Ohio State, Utah*
85.2%
1955Colorado, Iowa, La Salle, San Francisco*
80.3%
1956Iowa, San Francisco*, Southern Methodist, Temple
79.7%
1954Bradley, La Salle*, Pennsylvania State, Southern California
72.4%
1950Baylor, Bradley, CCNY*, North Carolina State
71.4%
1941Arkansas, Pittsburgh, Washington State, Wisconsin*
69.4%
Come Together.
Have Fun.
All Virtual.
We all need to come together. Play Sporcle's virtual live trivia to have fun, connect with people, and get your trivia on. Join a live hosted trivia game for your favorite pub trivia experience done virtually. If a virtual private party is more your thing, go here for details.

You're not logged in!

Compare scores with friends on all Sporcle quizzes.
OR
Log In

Sporcle TV

Today on Sporcle TV


Watch our educational content, quiz creation guides, and fun videos on Sporcle TV.

Show Comments

Extras

Top Quizzes Today


Score Distribution

Paid Content

Your Account Isn't Verified!

In order to create a playlist on Sporcle, you need to verify the email address you used during registration. Go to your Sporcle Settings to finish the process.

Report this User

Report this user for behavior that violates our Community Guidelines.

Details: